| 000 | 00647pam a2200241 a 4500 | ||
|---|---|---|---|
| 001 | 2034242 | ||
| 005 | 20180215074627.0 | ||
| 008 | 920819s1993 nyua b 000 0 eng c | ||
| 010 | _a 92049349 | ||
| 020 | _a0070065462 | ||
| 040 |
_aDNLM/DLC _cDLC _dDLC |
||
| 041 | _aeng | ||
| 060 | _aWM 40 V844c | ||
| 080 | _a616.8909 VIT | ||
| 082 | 0 | 0 |
_a616.8909 VIT _220 |
| 100 | 1 | _a48 | |
| 101 | _aPSI | ||
| 245 | 1 | 0 |
_aCasebook in abnormal psychology / _cJohn Vitkus. |
| 504 | _aIncludes bibliographical references (p. 257-282). | ||
| 906 |
_a7 _bcbc _corignew _d1 _eocip _f19 _gy-gencatlg |
||
| 942 |
_2ddc _cBK |
||
| 999 |
_c42677 _d42677 |
||